000 00648nam a22002297a 4500
003 UA-OsUOA
001 60846
007 ta
008 20090610b un ||||| |||| 00| 0 ukr d
100 _aОлефір В.
700 _aВітер В.
090 _a330(477)
_bО-53
942 _cSA
040 _aUA-OsUOA
_bukr
_cUA-OsUOA
_dUA-OsUOA
245 _aОцінка регіональних відмінностей рівня життя в Україні
300 _aС.32-36
955 _a0
041 _aukr
080 _a330(477)
773 0 _w60845
_tЕкономіст
_dК.
_d2009
_g4
650 7 _a330 Економіка взагалі
_2UDC
999 _c346769
_d346769